Advantages of application of mycorrhizated plants in environmentfriendly agriculture and forestations
Ectomycorrhizal inoculation procedures have been developed to improve forestation practice in areas with unfavourable habitat properties. The inoculation of cultivated crops with specially developed inocula of arbuscular-mycorrhizal fungi succeeded in reaching a substantial harvest surplus of plant...
Elmentve itt :
| Szerző: | |
|---|---|
| Testületi szerző: | |
| Dokumentumtípus: | Cikk |
| Megjelent: |
2002
|
| Sorozat: | Acta biologica Szegediensis
46 No. 3-4 |
| Kulcsszavak: | Természettudomány, Biológia |
| Online Access: | http://acta.bibl.u-szeged.hu/22553 |
| LEADER | 01162nab a2200205 i 4500 | ||
|---|---|---|---|
| 001 | acta22553 | ||
| 005 | 20210413122445.0 | ||
| 008 | 161017s2002 hu o 0|| eng d | ||
| 022 | |a 1588-385X | ||
| 040 | |a SZTE Egyetemi Kiadványok Repozitórium |b hun | ||
| 041 | |a eng | ||
| 100 | 1 | |a Bratek Zoltán | |
| 245 | 1 | 0 | |a Advantages of application of mycorrhizated plants in environmentfriendly agriculture and forestations |h [elektronikus dokumentum] / |c Bratek Zoltán |
| 260 | |c 2002 | ||
| 300 | |a 187-188 | ||
| 490 | 0 | |a Acta biologica Szegediensis |v 46 No. 3-4 | |
| 520 | 3 | |a Ectomycorrhizal inoculation procedures have been developed to improve forestation practice in areas with unfavourable habitat properties. The inoculation of cultivated crops with specially developed inocula of arbuscular-mycorrhizal fungi succeeded in reaching a substantial harvest surplus of plant material, and makes environment-friendly, fertilizer-free farming practices around shallow lakes possible. | |
| 695 | |a Természettudomány, Biológia | ||
| 710 | |a Hungarian Congress on Plant Physiology, 7., 2002, Szeged | ||
| 856 | 4 | 0 | |u http://acta.bibl.u-szeged.hu/22553/1/06-bra.pdf |z Dokumentum-elérés |